| 000 | 00893nam a2200253 i 4500 | ||
|---|---|---|---|
| 001 | 72768 | ||
| 003 | ES-MaACL | ||
| 005 | 20250117133106.0 | ||
| 007 | t| | ||
| 008 | 040902s1921 fr ||||1| fre d | ||
| 100 | 1 |
_aGoethe, Johann Wolfgang von, _d1749-1832 _957568 |
|
| 245 | 1 | 0 |
_aCorrespondance échangée entre Goethe et Carlyle / _cpublieé par Charles Eliot Norton ; traduction de Georges Khnosoff. |
| 260 |
_aParís : _bLibrairie Française, _c1921. |
||
| 300 |
_a186 p., 4 lám. ; _c24 cm. |
||
| 600 | 1 | 7 |
_aGoethe, Johann Wolfgang von, _d1749-1832- _vCorrespondencia _9144103 |
| 600 | 0 | 4 |
_aCarlyle, Thomas, _d1795-1881 _935316 |
| 655 | 0 |
_9235124 _aCartas |
|
| 700 | 0 |
_aCarlyle, Thomas, _d1795-1881 _935316 |
|
| 700 | 1 |
_aNorton, Charles Eliot. _986009 |
|
| 700 | 1 |
_aKhnopff, Georges. _967993 |
|
| 852 |
_aES-MaACL _jG-3064 |
||
| 942 | _2udc | ||
| 999 |
_c72768 _d72768 |
||